The humanitarian movement in eighteenth-century France /

Bibliographic Details
Main Author: McCloy, Shelby T. (Shelby Thomas), 1898-1973 (Author)
Format: Book
Language:English
Published: [Lexington] : University of Kentucky Press, [©1957]
Subjects:

MARC

Tag First Indicator Second Indicator Subfields
LEADER 00000cam a22000001i 4500
001 in00000062901
005 20231006171532.0
008 790614s1957 kyu b 001 0 eng
010 |a  57005835  
019 |a 260553  |a 1200998683  |a 1201001025  |a 1201594679  |a 1201847090  |a 1201895896  |a 1201903342  |a 1202002057  |a 1202002721  |a 1202016487  |a 1202023843 
029 1 |a AU@  |b 000004163797 
029 1 |a AU@  |b 000025058780 
029 1 |a AU@  |b 000028344739 
029 1 |a DEBBG  |b BV013364389 
029 1 |a HEBIS  |b 100070272 
029 1 |a NZ1  |b 3664768 
029 1 |a NZ1  |b 689862 
035 |a (OCoLC)ocm05069004  
035 |a (OCoLC)5069004  |z (OCoLC)260553  |z (OCoLC)1200998683  |z (OCoLC)1201001025  |z (OCoLC)1201594679  |z (OCoLC)1201847090  |z (OCoLC)1201895896  |z (OCoLC)1201903342  |z (OCoLC)1202002057  |z (OCoLC)1202002721  |z (OCoLC)1202016487  |z (OCoLC)1202023843 
035 |a (OCoLC)ocm05069004  
040 |a DLC  |b eng  |c DLC  |d WSU  |d NZ1  |d MTG  |d NIALS  |d OCLCF  |d DEBBG  |d XFM  |d OCLCA  |d KPV  |d OCLCO  |d OCLCQ  |d OCL  |d OCLCO  |d J9U 
042 |a premarc 
043 |a e-fr--- 
050 0 0 |a HN425  |b .M3 
060 4 |a 000051813 
082 0 0 |a 309.144 
084 |a NN 7300  |2 rvk 
084 |a 5,1  |2 ssgn 
100 1 |a McCloy, Shelby T.  |q (Shelby Thomas),  |d 1898-1973,  |e author. 
245 1 4 |a The humanitarian movement in eighteenth-century France /  |c Shelby T. McCloy. 
260 |a [Lexington] :  |b University of Kentucky Press,  |c [©1957] 
300 |a 274 pages ;  |c 24 cm 
336 |a text  |b txt  |2 rdacontent 
337 |a unmediated  |b n  |2 rdamedia 
338 |a volume  |b nc  |2 rdacarrier 
504 |a Includes bibliographical references and index. 
505 0 0 |t Protestant disabilities --  |t Protestant toleration and civil rights --  |t Jewish question --  |t Antislavery sentiment prior to 1789 --  |t Exit slavery and the slave trade --  |t Prison amelioration before 1789 --  |t Prison reform during the Revolution --  |t Criminal law reform prior to 1770 --  |t Criminal law reform after 1770 --  |t Child and youth welfare --  |t Public health --  |t Pacifism and peace schemes. 
651 0 |a France  |x Social conditions  |y 18th century. 
651 6 |a France  |x Conditions sociales  |y 18e siècle. 
650 7 |a Social conditions  |2 fast  |0 (OCoLC)fst01919811 
651 7 |a France.  |2 fast  |0 (OCoLC)fst01204289 
650 7 |a Bürgerrechtsbewegung  |2 gnd 
650 7 |a Humanität  |2 gnd 
651 7 |a Frankreich  |2 gnd 
651 7 |a France  |x Social conditions  |2 nli 
648 4 |a Sozialgeschichte 1700-1800. 
648 7 |a 1700-1799  |2 fast 
776 0 8 |i Online version:  |a McCloy, Shelby Thomas, 1898-  |t Humanitarian movement in eighteenth-century France.  |d [Lexington] : University of Kentucky Press, [1957]  |w (OCoLC)609190142 
948 |h HELD BY TXA - 485 OTHER HOLDINGS 
994 |a Z0  |b TXA 
999 f f |s 207634de-a805-352f-b171-6683be6c06d0  |i d0fb0574-8ea3-34fe-ba4a-cc4e296ab9bd  |t 0 
952 f f |p ric  |a Texas A&M University  |b Rellis Campus  |c Joint Library Facility  |s JLF  |d Remote Storage  |t 0  |e HN425 .M3  |h Library of Congress classification  |i unmediated -- volume  |m A14800648855